书目信息 |
| 题名: |
如何上好体育课
|
|
| 作者: | 杨军 主编 | |
| 分册: | ||
| 出版信息: | 北京 人民体育出版社 2006 |
|
| 页数: | 406页 | |
| 开本: | 21cm | |
| 丛书名: | ||
| 单 册: | ||
| 中图分类: | G633.96 | |
| 科图分类: | ||
| 主题词: | 体育课--教学研究--中小学 , 体育课 , 教学研究 | |
| 电子资源: | ||
| ISBN: | 7-5009-3049-6 | |
| 000 | 00986nam0 2200253 450 | |
| 001 | 003320656 | |
| 005 | 20070803111327.54 | |
| 010 | @a7-5009-3049-6@dCNY20.00 | |
| 100 | @a20060518d2006 em y0chiy0110 ea | |
| 101 | 0 | @achi |
| 102 | @aCN@b110000 | |
| 105 | @ay z 000yy | |
| 200 | 1 | @a如何上好体育课@9ru he shang hao ti yu ke@e体育教师的困惑与解惑@f杨军主编 |
| 210 | @a北京@c人民体育出版社@d2006 | |
| 215 | @a406页@d21cm | |
| 330 | @a本书作者走访了教学第一线的中小学体育教师,参加了《新课标》的培训,将零散的困惑概括和总结,在本书中作了多视角的解释。本书共分五篇,主要包括“体育教师谈困惑”、“《大纲》与新《课标》篇”、“课程与教材篇”、“教学与评价篇”和“教师与学生篇”。 | |
| 517 | 1 | @a体育教师的困惑与解惑@9ti yu jiao shi de kun huo yu jie huo |
| 606 | 0 | @a体育课@x教学研究@x中小学 |
| 606 | 0 | @a体育课 |
| 606 | 0 | @a教学研究 |
| 690 | @aG633.96@v4 | |
| 701 | 0 | @a杨军@9yang jun@c(体育教育,@f1960.1~)@4主编 |
| 801 | 0 | @aCN@bNLC@c20070803 |
| 905 | @a10447@dG633.96@e105 | |
| 如何上好体育课:体育教师的困惑与解惑/杨军主编.-北京:人民体育出版社,2006 |
| 406页;21cm |
| ISBN 7-5009-3049-6:CNY20.00 |
| 本书作者走访了教学第一线的中小学体育教师,参加了《新课标》的培训,将零散的困惑概括和总结,在本书中作了多视角的解释。本书共分五篇,主要包括“体育教师谈困惑”、“《大纲》与新《课标》篇”、“课程与教材篇”、“教学与评价篇”和“教师与学生篇”。 |
| ● |
| 相关链接 |
|
|
|
|
正题名:如何上好体育课
索取号:G633.96/105
 
预约/预借
| 序号 | 登录号 | 条形码 | 馆藏地/架位号 | 状态 | 备注 |
| 1 | 0802052 | 208020522 | 第一样本阅览室/ [索取号:G633.96/105] | 在馆 | |
| 2 | 0802053 | 208020531 | 第四借阅区/ [索取号:G633.96/105] | 在馆 | |
| 3 | 0802054 | 208020540 | 第四借阅区/ [索取号:G633.96/105] | 在馆 | |
| 4 | 0802055 | 208020559 | 第四借阅区/ [索取号:G633.96/105] | 在馆 | |
| 5 | 0802056 | 208020568 | 第四借阅区/ [索取号:G633.96/105] | 在馆 | |
| 6 | 0802057 | 208020577 | 第四借阅区/ [索取号:G633.96/105] | 在馆 | |
| 7 | 0802058 | 208020586 | 第四借阅区/ [索取号:G633.96/105] | 在馆 | |
| 8 | 0802059 | 208020595 | 第四借阅区/ [索取号:G633.96/105] | 在馆 | |
| 9 | 0802060 | 208020602 | 第四借阅区/ [索取号:G633.96/105] | 在馆 | |
| 10 | 0802061 | 208020611 | 第四借阅区/ [索取号:G633.96/105] | 在馆 |